000
00212 a2200097 4500
001
11860
100
_a
Kochan, L
245
_a
Betwen ciberation and ciberty
260
_a
_b
Andre Deutsch
_c
090
_c
9115
_d
9115
942
_a
NUST-CAE
_c
M
_c
35951
999
_c
246933
_d
246933